000 00900nam a2200193 4500
001 111356
003 ES-MaACL
005 20230906185304.0
007 t|
008 061121s1968 sp r ||||1| eng d
100 1 _aNeira, Manuel.
_985342
245 1 0 _aTerminología forestal
_b: Spanish contribution to multilingual forest terminology. With ibero-american terms. Projet nº E 25-FS 23 Department of Agriculture Washington /
_cManuel Neira, Florentino Martínez Mata.
260 _aMadrid :
_bInstituto Forestal de Investigaciones y Experiencias. Ministerio de Agricultura. Dirección General de Montes, Caza y Pesca Fluvial,
_c1968.
300 _aX, 395 p., 7 lám. :
_bil. ;
_c25 cm.
500 _aTexto en español e inglés.
700 1 _aMartínez Mata, Florentino.
_978219
710 2 _aInstituto Forestal de Investigaciones y Experiencias.
_95059
852 _aES-MaACL
_jG-4036
_bR.66850
999 _c111356
_d111356